|
|
|
|
| LEADER |
00000nam0a2200000 4500 |
| 001 |
227036 |
| 005 |
20231101230754.0 |
| 035 |
|
|
|a (RuTPU)RU\TPU\book\247429
|
| 090 |
|
|
|a 227036
|
| 100 |
|
|
|a 20121129d1915 km y0rusy50 ca
|
| 101 |
0 |
|
|a rus
|
| 102 |
|
|
|a RU
|
| 105 |
|
|
|a a z 000zy
|
| 200 |
1 |
|
|a Паропроводы центральных электрических станций
|e Основы проектирования паропроводов высокого давления для перегретого и насыщенного пара
|f В. В. Дмитриев
|
| 205 |
|
|
|a 2-е изд., перераб. и доп.
|
| 210 |
|
|
|a Петроград
|c Типография М. М. Стасюлевича
|d 1915
|
| 215 |
|
|
|a 130 с.
|c ил.
|
| 606 |
1 |
|
|a Электрические станции
|x Теплообменная аппаратура
|2 stltpush
|3 (RuTPU)RU\TPU\subj\27637
|9 51360
|
| 610 |
1 |
|
|a центральные электростанции
|
| 610 |
1 |
|
|a тепловые электростанции
|
| 610 |
1 |
|
|a оборудование
|
| 610 |
1 |
|
|a паропроводы
|
| 610 |
1 |
|
|a паропроизводящие установки
|
| 610 |
1 |
|
|a паросиловое оборудование
|
| 610 |
1 |
|
|a паросиловые электростанции
|
| 610 |
1 |
|
|a проектирование
|
| 675 |
|
|
|a 621.311.22.002.5:621.1
|v 3
|
| 700 |
|
1 |
|a Дмитриев
|b В. В.
|
| 801 |
|
1 |
|a RU
|b 63413507
|c 20121129
|
| 801 |
|
2 |
|a RU
|b 63413507
|c 20130215
|g RCR
|
| 942 |
|
|
|c BK
|